00701nam a22002297a 450000500170000001000130001702000110003003500130004103700230005408200080007710000170008524501060010225000120020826000400022027000630026030000320032370000250035570000260038070000240040694200220043099900190045220180828125231.0 aB-410486 c400.00 aB-410486 bDisha Publications a000 aBatra, Sunil aDisha's 32 years objective IIT-JEE topic wise solved papers :cby Sunil Batra ...[et.al]b1978-2009 / a5th ed. aNew DelhibDisha Publicationsc2010 aB-32, Shivalik Main Road, Malviya NagarbNew Delhie110017 avarious pagingc28 cm. (Hb) aAgarwal, O.P.917735 aAgarwal, D. K.917736 aBatra, Mamta917737 2ddccENmBATh000 c156483d156483